Informe de desarrollo humano para Colombia 1998 / (Registro nro. 4975)
[ vista simple ]
| 000 -LEADER | |
|---|---|
| fixed length control field | 01439nam a2200277Ia 4500 |
| 008 - FIXED-LENGTH DATA ELEMENTS--GENERAL INFORMATION | |
| fixed length control field | 191128s9999 xx 000 0 und d |
| 020 ## - INTERNATIONAL STANDARD BOOK NUMBER | |
| International Standard Book Number | 9586017842 |
| 082 ## - DEWEY DECIMAL CLASSIFICATION NUMBER | |
| Classification number | 303 .44 |
| 082 ## - DEWEY DECIMAL CLASSIFICATION NUMBER | |
| Item number | D419i |
| 100 ## - MAIN ENTRY--PERSONAL NAME | |
| Personal name | Departamento Nacional de Planeación |
| 245 #0 - TITLE STATEMENT | |
| Title | Informe de desarrollo humano para Colombia 1998 / |
| 245 #0 - TITLE STATEMENT | |
| Statement of responsibility, etc. | Departamento Nacional de Planeación ; coordinadores Alfredo Sarmiento Gómez, Clara Ramírez Gómez |
| 250 ## - EDITION STATEMENT | |
| Edition statement | Primera edición |
| 260 ## - PUBLICATION, DISTRIBUTION, ETC. | |
| Place of publication, distribution, etc. | [Bogotá] |
| 260 ## - PUBLICATION, DISTRIBUTION, ETC. | |
| Name of publisher, distributor, etc. | Tercer Mundo, Departamento Nacional de Planeación |
| 260 ## - PUBLICATION, DISTRIBUTION, ETC. | |
| Date of publication, distribution, etc. | 1998 |
| 300 ## - PHYSICAL DESCRIPTION | |
| Extent | xiv, 169 páginas |
| 300 ## - PHYSICAL DESCRIPTION | |
| Other physical details | ilustraciones, gráficas,mapas |
| 300 ## - PHYSICAL DESCRIPTION | |
| Dimensions | 27 cm |
| 500 ## - GENERAL NOTE | |
| General note | Bibliografía: páginas 165-169 |
| 505 ## - FORMATTED CONTENTS NOTE | |
| Formatted contents note | Introducción -- Desarrollo humano en Colombia -- Economía y desarrollo social -- Evolución de la sociedad colombiana y construcción del desarrollo humano -- índice de desarrollo humano -- La pobreza y la distribución del ingreso en Colombia |
| 520 ## - SUMMARY, ETC. | |
| Summary, etc. | Desde 1990, el Programa de las Naciones Unidas para el Desarrollo (PNUD) ha venido impulsando el paradigma del desarrollo humano sostenible, situando al individuo en el centro de los programas de desarrollo. |
| 546 ## - LANGUAGE NOTE | |
| Language note | spa |
| 650 ## - SUBJECT ADDED ENTRY--TOPICAL TERM | |
| Topical term or geographic name entry element | Desarrollo comunitario Ncecesidades básicas -- Colombia -- 1998 Desarrollo humano -- Colombia -- 1998-- |
| 799 ## - LOCAL ADDED ENTRY--UNIFORM TITLE (RLIN) | |
| Uniform title | Sarmiento Gómez, Alfredo, coordinador Ramírez Gómez, Clara, coordinador |
| Withdrawn status | Lost status | Materials specified (bound volume or other part) | Damaged status | Not for loan | Collection code | Home library | Current library | Date acquired | Total Checkouts | Full call number | Barcode | Date last seen | Copy number | Price effective from | Koha item type |
|---|---|---|---|---|---|---|---|---|---|---|---|---|---|---|---|
| Donación--15/04/2018-- | Biblioteca Pública José María del Castillo y Rada | Biblioteca Pública José María del Castillo y Rada | 11/28/2019 | 303 .44 D419i | 430001088 | 05/16/2024 | Ej.1 | 11/28/2019 | Books |